Ειδική διδακτική
Αποθηκεύτηκε σε:
| Κύριος συγγραφέας: | |
|---|---|
| Μορφή: | Βιβλίο |
| Γλώσσα: | Greek |
| Δημοσίευση: |
[Αθήναι] :
[χ.ό.],
[19--].
|
| Θέματα: | |
| Διαθέσιμο Online: | http://hdl.handle.net/11610/16792 |
| Ετικέτες: |
Προσθήκη ετικέτας
Δεν υπάρχουν, Καταχωρήστε ετικέτα πρώτοι!
|
MARC
| LEADER | 00000cam a2200000 i 4500 | ||
|---|---|---|---|
| 001 | 1/94476 | ||
| 008 | 080924n19uu gr || ||| ||gre|| | ||
| 035 | |l 10100408 | ||
| 040 | |a GR-MY-UA |b gre |e aacr | ||
| 041 | 0 | |a gre | |
| 082 | 7 | |a 372.011 |2 (22) | |
| 100 | 1 | |a Τσιρίμπας, Αντώνιος Α., |d 1903- . | |
| 245 | 1 | 0 | |a Ειδική διδακτική / |c Αντωνίου Ανδρέου Τσιρίμπα. |
| 260 | |a [Αθήναι] : |b [χ.ό.], |c [19--]. | ||
| 300 | |a 236 σ. ; |c 25 εκ. | ||
| 500 | |a Υπάρχει ψηφιακό αντίγραφο. | ||
| 504 | |a Βιβλιογραφία: σ. [240]. | ||
| 650 | 0 | 0 | |a Teaching. |
| 650 | 0 | 0 | |a Education, Elementary |x Curricula. |
| 650 | 0 | 0 | |a Effective teaching. |
| 650 | 0 | 0 | |a Teaching |x Methods. |
| 852 | |a INST |b RHODES |c AKA |e 20080924 |h 372.011 ΤΣΙ |p 005400030725 |q 005400030725 |t BK |y 23 | ||
| 856 | |u http://hdl.handle.net/11610/16792 | ||
| 901 | |a BIBL4-2008-3 | ||
| 909 | |a Ρ |b 153314 | ||
| 970 | |a ΜΙΣΣΟΣ |b ΣΤΑΥΡΟΣ |z 2008-09-24 | ||